000
00220nam a22000857a 4500
008
160916b xxu||||| |||| 00| 0 eng d
100
_9
612
_a
Murthi.A.
245
_a
Grammar Magic-8
260
_a
New Delhi
_b
MEB. Publications
_c
2012
999
_c
3270
_d
3270